000
00273nam a22001097a 4500
082
_a
320
100
_a
M,Laxmikant
_9
83328
245
_a
Indian Polity For Civil Services Examinations
260
_a
Chennai
_b
Magrah Hill Education
_c
2025
650
_a
Polity
942
_c
C. BOOKS
999
_c
68182
_d
68182